[Event "Damhus-ch B"]
[Site "Rodovre"]
[Date "2013.09.17"]
[Round "3"]
[White "Petersen, Flemming R"]
[Black "Nielsen, Jorgen Holmstrom"]
[Result "0-1"]
[WhiteElo "1650"]
[BlackElo "1475"]
[PlyCount "62"]
[EventDate "2013.09.03"]
[EventType "swiss"]
[EventRounds "7"]
[EventCountry "DEN"]
[SourceTitle "EXT 2023"]
[Source "ChessBase"]
[SourceDate "2022.10.05"]
[SourceVersion "1"]
[SourceVersionDate "2022.10.05"]
[SourceQuality "1"]

1. e4 Nf6 2. Nc3 d5 3. e5 Ne4 4. d3 Nxc3 5. bxc3 Nc6 6. d4 f6 7. f4 e6 8. Bd3 f5 9. Nf3 Bd7 10. Qe2 Be7 11. Ng5 Bxg5 12. fxg5 Qe7 13. Rb1 Rb8 14. h4 0-0 15. Rb3 Qf7 16. h5 Ne7 17. Ba3 Rfe8 18. g6 hxg6 19. hxg6 Qxg6 20. g4 Qxg4 21. Qxg4 fxg4 22. Kd2 Kf7 23. Rh4 Rh8 24. Rxg4 Rh2+ 25. Kc1 Nf5 26. c4 dxc4 27. Bxc4 Ba4 28. Rc3 Bxc2 29. Rf4 b5 30. Rxf5+ Bxf5 31. Bd3 Bxd3 0-1

[Event "Damhus-ch B"]
[Site "Rodovre"]
[Date "2013.09.10"]
[Round "2"]
[White "Wadtland, Flemming"]
[Black "Petersen, Flemming R"]
[Result "1-0"]
[WhiteElo "1408"]
[BlackElo "1650"]
[PlyCount "64"]
[EventDate "2013.09.03"]
[EventType "swiss"]
[EventRounds "7"]
[EventCountry "DEN"]
[SourceTitle "EXT 2023"]
[Source "ChessBase"]
[SourceDate "2022.10.05"]
[SourceVersion "1"]
[SourceVersionDate "2022.10.05"]
[SourceQuality "1"]

1. c4 e5 2. g3 Nf6 3. Bg2 Bc5 4. Nc3 c6 5. e3 0-0 6. Nge2 d5 7. d4 exd4 8. exd4 Bb4 9. cxd5 Nxd5 10. 0-0 Nxc3 11. bxc3 Ba5 12. Qc2 Bc7 13. Be3 Be6 14. c4 Qc8 15. Rfd1 Bh3 16. Rac1 Bxg2 17. Kxg2 Ba5 18. Rd3 Na6 19. Qb3 Bc7 20. Rcd1 Rb8 21. d5 cxd5 22. Rxd5 Rd8 23. Bxa7 Rxd5 24. Rxd5 Ra8 25. Bb6 Qe6 26. Be3 Qe4+ 27. f3 Qe7 28. a3 b6 29. Qd3 Re8 30. Kf2 Nc5 31. Bxc5 bxc5 32. Rd7 Qe5 1-0